psu quimica - Statistics

General Stats
  • This quiz has been taken 18 times
  • The average score is 7 of 18
Answer Stats
Question Answer % Correct
qué es el número másico (A arriba) neutrones + protones
88%
que es el número atómico (Z abajo) protones
88%
qué es un electrón de valencia los electrones de la última capa del átomo, los que se conectan
75%
qué es un isótopo Mismo número atómico
63%
Como se calcula la resistividad en circuito en serie // y en paralelo Rt = R1 + R2 + ... + Rn // 1/Rn= 1/R1 + 1/R2 + ... 1/Rn
63%
Qué es la carga (Q ex -2 +1 etc) Electronegatividad del átomo
50%
Como se calcula el voltaje en circuito en serie // y en paralelo Vt = V1 + V2 + ... + Vn // Constante
50%
qué es un isóbaro Mismo N Másico
38%
cantidad de carbonos (1,2,3) alcano, alqueno, alquino
25%
(I=) cuanta carga pasa por una sección (q= carga eléctrica) i= q/delta T = C/s
25%
Como se calcula la intensidad en circuito en serie // y en paralelo It= Constante // I1 + I2 + ... + In
25%
la electronegatividad aumenta en la tabla periodica de izquierda a derecha, abajo a arriba
25%
Qué es covalente Polar metálicos y no metálicos con dif de elctroneg <1,7 y no metálicos de dif elementos
25%
Cómo se forma un enlace iónico Metal - No metal + Diferencia de electronegatividad >>>>1,7
25%
Resistividad (A= area) (L=longitud) (P= constante de proporcionalidad) R= P * L/A
25%
Ley de Ohm V= I*R
13%
Hay enlaces sigma y pi. cual es cual sigma es fuerte y presente, pi es complemento
0%
Qué significa covalente apolar un enlace entre átomos no metálicos de un mismo elemento
0%
No matching quizzes found
Score Distribution
Percent of People with Each Score
Percentile by Number Answered
Your Score History
You have not taken this quiz